1745 1105 1803 1595 1865 1411 1582 1328 1251 1250 1948 1845 1535 1993 1899 1856 1501 1065 1724 1236 1778 1726 1855 1847 1276 1523 1024 1590 1885 1665 1516 1426 1482 1320 1152 1795 1202 1290 1574 1162 1234 1074 1052 1819 1246 1720 1004 1778 1637 1692 1654 1721 1006 1913 1148 1431 1761 1643 1168 1751 1946 1177 1617 1437 1053 1043 1615 1563 1775 1202 1551 1307 1137 1125 1412 1722 1347 1308 1855 1217 1874 1615 1025 1110 1654 1725 1947 1516 1982 1390 1517 1751 1011 1828 1805 1773 1306 1166 1566 BCNSPRNW ULIB Ver.6.0+V

เปลี่ยนเป็นภาษาไทย

Change to English
 แสดงรายละเอียดบรรณานุกรม
  กลับหน้าหลัก

Brief Record : Get Marc (ISO 2709) : E-mail record : QR code < ปิดหน้าต่าง
LEADER : 00000nam 2200000uu 4500
001    13399121560
003     ULIB
008    121123s2546||||th 000 0 tha d
020    ^a9749507509
060 04 ^aWW140^bศ324ด
245 00 ^aดวงตา...ประตูสู่คุณภาพชีวิต :^bจักษุวิทยาในเวชปฏิบัติ /^cศักดิ์ชัย วงศกิตติรักษ์, บรรณาธิการ
250    ^aพิมพ์ครั้งที่ 1
260    ^aกรุงเทพฯ :^bหมอชาวบ้าน,^c2546
300    ^a64 หน้า :^bภาพประกอบสี ;^c21 ซม.
650  7 ^aตา, โรค^xการรักษา
650  7 ^aจักษุวิทยา
700 0  ^aศักดิ์ชัย วงศกิตติรักษ์,^eบรรณาธิการ
945    ^p100^l0^i15086
945    ^p100^l0^i15087
995    ^aวิภา
999 ^a ใช้งานได้ทุกระบบ
รายการนี้ยังไม่มีแท็ก
คุณยังไม่ได้ล็อกอิน คุณสามารถมีกิจกรรมร่วมกับเว็บไซต์ได้ แต่ต้องล็อกอินก่อน ::
  ล็อกอิน

รายการสื่อสารสนเทศ

ลำดับที่ ประเภท เลขเรียก/บาร์โค้ด สถานที่ สถานะ
1. วิทยาศาสตร์การแพทย์ และสุขภาพ
วิทยาศาสตร์การแพทย์ และสุขภาพ
WW140 ศ324ด  
  Barcode: 15086
ห้องสมุดวิทยาเขตสวรรค์ประชารักษ์
►หนังสือทั่วไป
บนชั้น
2. วิทยาศาสตร์การแพทย์ และสุขภาพ
วิทยาศาสตร์การแพทย์ และสุขภาพ
WW140 ศ324ด ฉ.2 
  Barcode: 15087
ห้องสมุดวิทยาเขตสวรรค์ประชารักษ์
►หนังสือทั่วไป
บนชั้น

รายการใกล้เคียง
    หัวเรื่อง [จักษุวิทยา]

BibComment


ยังไม่เคยถูกคอมเมนท์

คอมเมนท์ทรัพยากรรายการนี้
  คอมเมนท์: ดวงตาประตูสู่คุณ..


 Copyright 2026. Bcnsprnw @Library